01780nam0a2200337 4500001001800000005001700018010001800035021001900053035002600072100004100098101000800139102000700147105001800154200027500172210002600447215002300473225017800496320003500674606014800709606012900857686001500986701006801001701006401069701007201133701007201205702007201277801002801349801002201377830002301399852002001422RU\NLR\bibl\8505520250616110011.0 a5-89144-087-3 aRUb1999-48993 a(NLR Aleph) 000083071 a20000511d1999 |||y0rusy50 ca0 arus aRU aa |||||||||1 aТехнология бизнесаeУчеб. для вузов, шк. бизнеса и бизнесменовf[С.Б. Исмуратов, И.Я. Петренко, С.А. Пикулев, Е.И. Чивилихин]gПод ред. д.э.н. Е.И. Чивилихина aМ.cСфераd1999 a636 с.cил.d221 aУчебник и учебные пособия для студентов высших учебных заведений, школ бизнеса и бизнесменов aБиблиогр.: с. 633-6360 aПредпринимательствоjРуководства, пособия и т.п. для высшей школы3RU\NLR\auth\661470050 aПредпринимательствоjУчебные издания для высшей школы3RU\NLR\auth\66147005 aУ5-13я73 1aИсмуратовbС. Б.gСабит Борисович4070 1aПетренкоbИ. Я.gИван Яковлевич4070 1aПикулевbС. А.gСергей Анатольевич4070 1aЧивилихинbЕ. И.gЕвгений Иванович4070 1aЧивилихинbЕ. И.gЕвгений Иванович4340 0aRUbNLRc20000511gPSBO 1aRUbNLRc20000511 aАвт. по кн. aNLRj2000-5/657